Sean Payton Coaching Tree - Statistics

General Stats
  • This quiz has been taken 2 times
  • The average score is 2 of 7
Answer Stats
Wins Team Coach % Correct
52 DET Dan Campbell
100%
26 NOS Dennis Allen
50%
3 NYJ Aaron Glenn
0%
2 NOS Aaron Kromer
0%
3 NOS Darren Rizzi
0%
38 JAX Doug Marrone
0%
13 CHI Marc Trestman
0%
No matching quizzes found
Score Distribution
Percent of People with Each Score
Percentile by Number Answered
Your Score History
You have not taken this quiz